| 000 | 00657cab a2200217 4500 | ||
|---|---|---|---|
| 001 | ABS47171 | ||
| 008 | 090401t1992 xxu||||| |||| 00| 0 eng d | ||
| 035 | _a(Sirsi) u60969 | ||
| 041 | _aeng | ||
| 100 | _aMorledge, R. | ||
| 245 | _aOpinion : contracts with disputes built in | ||
| 260 | _c1992 | ||
| 350 | _a0 | ||
| 490 |
_aCS Monthly : QS Bulletin _v2(2) October 1992, 24(1) |
||
| 520 | _aDiscusses ways in which contracts can be changed to minimise the risk of disputes. | ||
| 650 | _aBUILT ENVIRONMENT-BUILDING CONTRACT FORMS | ||
| 650 | _aCLAIMS | ||
| 690 | _aBUILT ENVIRONMENT-BUILDING CONTRACT FORMS | ||
| 942 | _n0 | ||
| 948 | _c04/03/1997 | ||
| 999 |
_c37700 _d37700 |
||